| 000 | 00418nam a2200157Ia 4500 | ||
|---|---|---|---|
| 008 | 230312s9999||||xx |||||||||||||| ||und|| | ||
| 020 | _a81-8431-272-5 | ||
| 082 |
_a621.395 _bGOD-D |
||
| 100 | _aGodse,A.P | ||
| 245 | 0 | _aDigital Electronics & Logic Design | |
| 260 |
_bTechnical Publications Pune _aIndia _c2007 |
||
| 300 | _a971 | ||
| 546 | _aEng. | ||
| 650 |
_aEngineering _vNumber Systems,Binary Codes |
||
| 942 | _cBK | ||
| 999 |
_c1553 _d1553 |
||